46 West Grab Bag XII - Statistics

General Stats
  • This quiz has been taken 4 times
  • The average score is 14 of 20
Answer Stats
Question Answer % Correct
What six-letter word names both a seed company and an exercise that combines a squat, a pushup, and a jump in the air? Burpee
100%
What year did the basketball world witness "The Dream Team?" 1992
75%
Which NBA player was nicknamed "Maple Jordan" during his high school years? Andrew Wiggins
75%
In the 2024 college football season, which team earned the No. 3 seed in the College Football Playoff, marking their first appearance in the CFP? Boise State
75%
Who was the first overall pick in the 2021 NBA Draft? Cade Cunningham
75%
Which NFL team won Super Bowl XX and was also known as the "Monsters of the Midway?" Chicago Bears
75%
What DMC sports car model is fitted with a flux capacitor to turn it into a time-traveling machine in the "Back to the Future" films? Delorean
75%
Where did Allen Iverson play in college Georgetown
75%
What four-time Olympic gold medalist, considered "perhaps the greatest and most famous athlete in track and field history" during his lifetime, called Cleveland home from the age of 9 onwards? Jesse Owens
75%
Which city hosts the Sugar Bowl? New Orleans
75%
Finish the lyric: "Is this the real life? Is this just fantasy? / Caught in a landslide, ___________" no escape from reality
75%
What "Zen Master" professional sports coach was born in Deer Lodge, Montana? This man later became iconic during coaching stints in Chicago and Los Angeles. Phil Jackson
75%
If you had tickets to Game 5 of the NBA Finals on June 11, 1997, you would witness Michael Jordan's iconic "flu game" in what city? Salt Lake City
75%
Which CDL pro is known for using the famous "Tiny Terrors" duo nickname alongside Simp? aBeZy
50%
What is the name of the song Peter Quill dances to in the beginning of Guardians of the Galaxy? Come and Get Your Love
50%
Which Call of Duty League caster is known by the name Clint Evans? Maven
50%
The 2017 Cleveland Indians baseball team set the American League record for consecutive victories at 23. What West Coast 2002 club had the prior record at 20 games? Oakland Athletics
50%
Guess the map based on its hardpoint locations: P1: Destroyed Apartment, P2: Warehouse, P3: Mural Alley, P4: Barbershop, P5: Containers Skidrow
50%
The Washington Capitals defeated what team in the 2018 Stanley Cup Finals? This losing team was playing in its inaugural season. Vegas Golden Knights
50%
Who played the Green Goblin in the 2002 box-office smash Spider-Man? Willem Dafoe
50%
No matching quizzes found
Score Distribution
Percent of People with Each Score
Percentile by Number Answered
Your Score History
You have not taken this quiz